Đầu nguồn Hồi ký về Bác Hồ
Viết về cuộc đời cách mạng của Hồ Chủ Tịch từ khi trở về Tổ Quốc, trực tiếp lãnh đạo cách mạng cho đến lúc Tổng khởi nghĩa thành công, giành lại được chính quyền, lập nên nước Việt Nam dân chủ cộng hoà
Bewaard in:
| Andere auteurs: | |
|---|---|
| Formaat: | Boek |
| Taal: | Vietnamese |
| Gepubliceerd in: |
H.
Văn học
1975
|
| Onderwerpen: | |
| Tags: |
Voeg label toe
Geen labels, Wees de eerste die dit record labelt!
|
| Thư viện lưu trữ: | Mạng thư viện Đại học Đà Nẵng |
|---|
| LEADER | 01448nam a2200337 4500 | ||
|---|---|---|---|
| 001 | 000009770 | ||
| 003 | 5968 | ||
| 005 | 20111102101129.0 | ||
| 008 | 111102s1975 viesd | ||
| 020 | |c 2đ | ||
| 041 | 0 | |a vie | |
| 082 | |a 895.922803 |b Đâu | ||
| 245 | 0 | |a Đầu nguồn |b Hồi ký về Bác Hồ |c Nguyễn Lương Bằng; Võ Nguyên Giáp; Hoàng Văn Hoan... | |
| 260 | |a H. |b Văn học |c 1975 | ||
| 300 | |a 441 tr. |c 19 cm | ||
| 520 | |a Viết về cuộc đời cách mạng của Hồ Chủ Tịch từ khi trở về Tổ Quốc, trực tiếp lãnh đạo cách mạng cho đến lúc Tổng khởi nghĩa thành công, giành lại được chính quyền, lập nên nước Việt Nam dân chủ cộng hoà | ||
| 653 | |a Hồi ký | ||
| 653 | |a Văn học | ||
| 653 | |a Hồ Chí Minh | ||
| 700 | |a Nguyễn Lương Bằng |a Võ Nguyên Giáp |a Hoàng Văn Hoan |a Chu Văn Tấn |a Hoàng Quốc Việt |a Lê Quảng Ba... |e Tác giả | ||
| 910 | |a duyên | ||
| OWN | |a LSP | ||
| AVA | |a UDN50 |b LSP |d 895.922803 Đâu |e available |t Error 5001 Not defined in file expand_doc_bib_avail. |f 3 |g 1 |h N |i 0 |k 1 | ||
| 999 | |a From the UDN01 | ||
| AVA | |a UDN50 |b LSP |d 895.922803 Đâu |e available |t Error 5001 Not defined in file expand_doc_bib_avail. |f 3 |g 1 |h N |i 0 |k 1 | ||
| TYP | |a Monograph | ||
| TYP | |a Printed language | ||
| 980 | |a Mạng thư viện Đại học Đà Nẵng | ||